000 00749nam a2200229 i 4500
001 C2-0245917
003 PPAK
005 20180727210800.0
008 030319s2003 my |||| ||||| | may d
020 _a9836276564
040 _aPPAK
_beng
_cPPAK
_erda
082 0 4 _a372.5043
_223
090 0 0 _a372.5043
_bIST
_dR
245 0 0 _aIstilah sains untuk sekolah-sekolah Malaysia :
_bbahasa Inggeris - bahasa Melayu, bahasa Melayu - bahasa Inggeris
264 1 _aKuala Lumpur :
_bDewan Bahasa dan Pustaka ,
_c2003
300 _axx, 490 pages ;
_c22 cm
336 _2rdacontent
_atext
337 _2rdamedia
_aunmediated
338 _2rdacarrier
_avolume
650 1 0 _aScience - Dictionaries - Malay ; Science - Dictionaries - English
942 _ddc
_cB
999 _c59910
_d59910